[Event "Chessable Masters Final 8"]
[Site "chess24.com INT"]
[Date "2020.06.29"]
[Round "1.33"]
[White "Ding Liren"]
[Black "Nakamura,Hi"]
[Result "1-0"]
[WhiteElo "2791"]
[BlackElo "2736"]

1.d4 g6 2.c4 Bg7 3.e4 d6 4.Nc3 Nf6 5.Nf3 O-O 6.Be2 e5 7.O-O Nc6 8.d5 Ne7
9.b4 Ne8 10.a4 f5 11.a5 Nf6 12.Re1 h6 13.exf5 Bxf5 14.Ra2 g5 15.h3 Qe8 16.Nh2 a6
17.Ng4 Bg6 18.Nxf6+ Bxf6 19.Bd3 Nf5 20.Ne4 Bg7 21.f3 Qf7 22.Rf2 Rad8 23.Bb1 Kh8
24.Bb2 Nh4 25.b5 Bf5 26.b6 Ng6 27.g3 cxb6 28.axb6 Ne7 29.Ba3 Nc8 30.Qb3 Bh7
31.Rd1 Bg8 32.Kg2 Bh7 33.c5 dxc5 34.Nxc5 Bxb1 35.Rxb1 Rfe8 36.Ne6 Rd7 37.Rc1 Ne7
38.Bxe7 Qxe7 39.Rc7 Qd6 40.Rfc2 Bf6 41.Qa4  1-0

[Event "Titled Tuesday 30th June"]
[Site "chess.com INT"]
[Date "2020.06.30"]
[Round "1"]
[White "Tanaka,Taira Tyler"]
[Black "Nakamura,Hi"]
[Result "0-1"]
[WhiteElo "2106"]
[BlackElo "2736"]

1.e4 g6 2.d4 Bg7 3.Nc3 c6 4.Nf3 d5 5.e5 Bg4 6.Be2 Bxf3 7.Bxf3 e6 8.O-O Nd7
9.Be2 Ne7 10.Be3 c5 11.Nb5 O-O 12.dxc5 Nxe5 13.Nd6 b6 14.c4 Qc7 15.Nb5 Qb7
16.Nd6 Qb8 17.f4 Nd7 18.Nb5 Nxc5 19.Bf3 Rd8 20.Qe2 a6 21.Nd4 dxc4 22.Qxc4 Nd5
23.Nc6 Nxe3 24.Qe2 Qxf4 25.Nxd8 Nxf1 26.Rxf1 Rxd8 27.b4 Qxb4 28.Qf2 Bd4  0-1

[Event "Titled Tue 30th Jun Final"]
[Site "chess.com INT"]
[Date "2020.06.30"]
[Round "1.1"]
[White "Nakamura,Hi"]
[Black "Oparin,G"]
[Result "0-1"]
[WhiteElo "2736"]
[BlackElo "2652"]

1.Nf3 Nf6 2.b3 d5 3.Bb2 e6 4.e3 Bd6 5.d4 O-O 6.Bd3 b6 7.c4 Bb7 8.Nbd2 Nbd7
9.O-O c5 10.cxd5 Nxd5 11.Rc1 Rc8 12.Ne4 Be7 13.Qe2 cxd4 14.Nxd4 N7f6 15.Nxf6+ Bxf6
16.Bb1 Qe7 17.Rcd1 Rfd8 18.h3 g6 19.e4 Nf4 20.Qe3 e5 21.Nf3 Ba6 22.Rfe1 Qe6  0-1

[Event "Titled Tuesday 30th June"]
[Site "chess.com INT"]
[Date "2020.06.30"]
[Round "2"]
[White "Nakamura,Hi"]
[Black "Nevednichy,V"]
[Result "1-0"]
[WhiteElo "2736"]
[BlackElo "2531"]

1.Nf3 e6 2.e4 d5 3.e5 a6 4.d4 c5 5.c3 Nc6 6.Be2 Nh6 7.Bxh6 gxh6 8.O-O Rg8
9.Re1 Qb6 10.Qd2 Bd7 11.Bf1 O-O-O 12.dxc5 Bxc5 13.b4 Bf8 14.a4 d4 15.b5 dxc3
16.Nxc3 Na5 17.Qf4 Bc5 18.Ne4 Kb8 19.bxa6 Bc6 20.Rab1 Qa7 21.Nxc5 Qxc5 22.Rec1 Qa3
23.Nd4 Bd5 24.axb7 Qh3 25.f3 Qh5 26.Rc8+ Rxc8 27.bxc8=Q+ Kxc8 28.Qc1+ Kd7
29.Qc5 Rc8 30.Bb5+  1-0

[Event "Titled Tuesday 30th June"]
[Site "chess.com INT"]
[Date "2020.06.30"]
[Round "3"]
[White "Murzin,Volodar"]
[Black "Nakamura,Hi"]
[Result "0-1"]
[WhiteElo "2465"]
[BlackElo "2736"]

1.e4 g6 2.Nf3 Bg7 3.d4 d6 4.Bd3 c5 5.dxc5 Qa5+ 6.Nbd2 Qxc5 7.O-O Nf6 8.Re1 Nc6
9.c3 O-O 10.h3 Qb6 11.a4 Qc7 12.Qe2 Nd7 13.Nc4 b6 14.Bf4 Nc5 15.Ne3 Nxd3
16.Qxd3 Bb7 17.Rad1 Rae8 18.Nd5 Qc8 19.Qd2 Na5 20.Qc1 Bc6 21.Qc2 Qb7 22.Bg3 Kh8
23.Nd4 Bd7 24.Bh4 Nc6 25.Nxc6 Bxc6 26.Bg3 f5 27.f3 fxe4 28.fxe4 Qd7 29.b3 Rc8
30.c4 Qe6 31.Qd3 Bb7 32.Rf1 Kg8 33.Bh4 Rfe8 34.Rf3 Qe5 35.Kh1 Bxd5 36.exd5 e6
37.Bg3 Qh5 38.Bxd6 e5 39.Qe4 Bh6 40.Rdf1 Bf4 41.Ba3 Rcd8 42.Bc1 g5 43.Ba3 Qg6
44.Qxg6+ hxg6 45.Re1 e4 46.Rff1 e3 47.Re2 Re4 48.g4 Rd4 49.Bb4 Rd3 50.Rb1 a6
51.Kg2 b5 52.Be1 bxc4 53.bxc4 Rc8  0-1

[Event "Titled Tuesday 30th June"]
[Site "chess.com INT"]
[Date "2020.06.30"]
[Round "4"]
[White "Nakamura,Hi"]
[Black "Grigoriants,S RUS"]
[Result "1-0"]
[WhiteElo "2736"]
[BlackElo "2542"]

1.Nf3 d5 2.b3 c5 3.e3 Nc6 4.Bb5 Bd7 5.Bb2 e6 6.Bxc6 Bxc6 7.O-O Nf6 8.d3 Bd6
9.Ne5 Rc8 10.Nd2 O-O 11.f4 Nd7 12.Qg4 g6 13.Ndf3 Qe7 14.Ng5 f5 15.Qg3 Nxe5
16.Bxe5 Bxe5 17.fxe5 d4 18.Rae1 Kg7 19.h4 h6 20.Nh3 Kh7 21.Nf4 Rg8 22.e4 fxe4
23.dxe4 Rcf8 24.Qg4 Bd7 25.Rf3 Qg7 26.Ref1 Qxe5 27.Nd3 Qg7 28.Nxc5 Bc8 29.Qg3 e5
30.Nd3 Rxf3 31.Rxf3 Re8 32.Qf2 Re7 33.Rf8 Be6 34.Rd8 Rf7 35.Qg3 Qf6 36.Rd6 Qf1+
37.Kh2  1-0

[Event "Titled Tuesday 30th June"]
[Site "chess.com INT"]
[Date "2020.06.30"]
[Round "5"]
[White "Jumabayev,R"]
[Black "Nakamura,Hi"]
[Result "1/2-1/2"]
[WhiteElo "2654"]
[BlackElo "2736"]

1.d4 Nf6 2.c4 e6 3.Nf3 d5 4.Nc3 Be7 5.Bf4 O-O 6.e3 Nbd7 7.Be2 dxc4 8.O-O Nb6
9.Ne5 Bd6 10.Qc2 Bd7 11.Bg5 Be7 12.Nxc4 Nxc4 13.Bxc4 h6 14.Bh4 Nh5 15.Bxe7 Qxe7
16.Rfd1 Nf6 17.Rac1 Rac8 18.Ne4 Rfd8 19.Bd3 Bc6 20.Qc5 Qxc5 21.Nxf6+ gxf6
22.Rxc5 Be8 23.Rdc1 c6 24.f4 b6 25.R5c3 c5 26.dxc5 bxc5 27.Kf2 Rb8 28.R1c2 Bb5
29.Bxb5 Rxb5 30.Ke2 Rd5 31.Ra3 Rd7 32.Ra6 c4 33.Rc6 Rdb7 34.R6xc4 Rxb2 35.Kf3 R2b5
36.Rc6 Ra5 37.Rd6 f5 38.Kg3 Kg7 39.Kh4 Ra3 40.Re2 Rb5 41.Rd7 Rb4 42.g3 Kg6
43.Rc2 Rb8 44.Rcc7 Rxa2 45.h3 Rf8 46.Rxa7 Re2 47.Rd3 Kf6 48.g4 fxg4 49.hxg4 Rg2
50.Kh3 Rg1 51.e4 h5 52.gxh5 Rh8 53.e5+ Kg7 54.Rg3+ Rxg3+ 55.Kxg3  1/2-1/2

[Event "Titled Tuesday 30th June"]
[Site "chess.com INT"]
[Date "2020.06.30"]
[Round "6"]
[White "Nakamura,Hi"]
[Black "Grachev,B"]
[Result "1-0"]
[WhiteElo "2736"]
[BlackElo "2612"]

1.Nf3 d5 2.e3 Nf6 3.c4 c6 4.d4 Bg4 5.Qb3 Qb6 6.Nc3 e6 7.h3 Bxf3 8.gxf3 Nbd7
9.Bd2 Be7 10.Qc2 O-O 11.O-O-O e5 12.cxd5 cxd5 13.dxe5 Nxe5 14.Kb1 Nxf3 15.Bc1 Rac8
16.Qb3 Qxb3 17.axb3 Rfd8 18.Bg2 Nh4 19.Nxd5 Nxd5 20.Bxd5 b6 21.Rd3 Kf8 22.Rhd1 h6
23.f4 Bc5 24.e4 a5 25.f5 Be7 26.Be3 Bc5 27.Bd2 Ke7 28.Rf1 Bd6 29.Rg1 Be5
30.Be3 Rb8 31.Rg4 g5 32.fxg6 Nxg6 33.Bxh6 Rh8 34.Bg5+ Bf6 35.Bxf6+ Kxf6 36.Rf3+ Ke5
37.Rxf7 Nh4 38.Rff4 Ng2 39.Rf5+ Kd4 40.Rxg2 Rxh3 41.Ka2 b5 42.Rd2+ Ke3 43.Rc2 Kd4
44.Rff2 a4 45.bxa4 bxa4 46.Rc4+ Ke5 47.Rxa4  1-0

[Event "Titled Tuesday 30th June"]
[Site "chess.com INT"]
[Date "2020.06.30"]
[Round "7"]
[White "Nakamura,Hi"]
[Black "Sankalp,Gupta"]
[Result "1-0"]
[WhiteElo "2736"]
[BlackElo "2429"]

1.Nf3 d5 2.b3 Nf6 3.Bb2 e6 4.c4 b6 5.e3 Bb7 6.cxd5 exd5 7.d4 Bd6 8.Bb5+ c6
9.Bd3 O-O 10.Nbd2 Nbd7 11.O-O Re8 12.Qc2 Rc8 13.Bf5 g6 14.Bh3 Rc7 15.Rfd1 Qe7
16.Rac1 Ne4 17.Nxe4 dxe4 18.Nd2 Nf6 19.Nc4 Nd5 20.Nxd6 Qxd6 21.g3 Ba6 22.a3 f5
23.Bg2 h5 24.h4 Ree7 25.b4 g5 26.hxg5 h4 27.a4 hxg3 28.b5 cxb5 29.Qe2 Rh7
30.axb5 gxf2+ 31.Kxf2 f4 32.exf4 Qxf4+ 33.Ke1 Qh4+ 34.Qf2 Rxc1 35.Rxc1 Bxb5
36.Rc8+ Kg7 37.Ra8 Qxf2+ 38.Kxf2 Bd3 39.Rxa7+ Kg6 40.Ra8 Kxg5 41.Bc1+ Kf6
42.Rd8 Rf7 43.Kg3 Ne7 44.Rd6+ Kg7 45.Rxb6 Nf5+ 46.Kg4 Kh7 47.Bg5 Nxd4 48.Rd6 Be2+
49.Kh3 Nf5 50.Bxe4 Bh5 51.Rb6 Bg6 52.Bd5 Rd7 53.Be6 Rd3+ 54.Kg4 Ng7 55.Bb3 Bh5+
56.Kf4 Rd4+ 57.Ke5 Rg4 58.Bc2+ Kg8 59.Rb8+ Kf7 60.Rb7+ Kg8 61.Bf6 Rg5+ 62.Bxg5  1-0

[Event "Titled Tuesday 30th June"]
[Site "chess.com INT"]
[Date "2020.06.30"]
[Round "8"]
[White "Ponkratov,P"]
[Black "Nakamura,Hi"]
[Result "0-1"]
[WhiteElo "2631"]
[BlackElo "2736"]

1.d4 Nf6 2.c4 g6 3.Nc3 Bg7 4.e4 d6 5.Nf3 O-O 6.Be2 e5 7.O-O Nc6 8.d5 Ne7
9.b4 Ne8 10.a4 f5 11.a5 h6 12.Ra3 g5 13.Nd2 f4 14.c5 Nf6 15.h3 Ng6 16.c6 bxc6
17.dxc6 Nh4 18.Nf3 Nxf3+ 19.Bxf3 a6 20.Nd5 Nxd5 21.Qxd5+ Kh8 22.Bd2 Qe8 23.b5 axb5
24.Bg4 Ba6 25.Bb4 Qg6 26.Re1 Rad8 27.Be2 Rb8 28.Bg4 Rf6 29.Qd1 Bf8 30.Bh5 Qg8
31.Rc3 Be7 32.Bg4 Kg7 33.Qc2 Qf7 34.Qe2 Rh8 35.Bh5 Qf8 36.Rd1 Qa8 37.Rd5 Bc8
38.Bg4 Ba6 39.Bh5 Bf8 40.Qd2 Rh7 41.Qd1 Kg8 42.Be2 Qb8 43.Qf1 h5 44.Bxb5 Bc8
45.Qc4 Kh8 46.a6 g4 47.Ra3 Qa7 48.Bc5 dxc5 49.Rd8 Be6 50.Qc3 Rhf7 51.Qxe5 Kg7
52.Qxh5 c4 53.e5 Rg6 54.Re8 g3 55.Rf3 Qd4 56.Rxe6 Qd1+  0-1

[Event "Titled Tuesday 30th June"]
[Site "chess.com INT"]
[Date "2020.06.30"]
[Round "9"]
[White "Nakamura,Hi"]
[Black "Fedoseev,Vl3"]
[Result "1-0"]
[WhiteElo "2736"]
[BlackElo "2678"]

1.e4 c5 2.Nf3 d6 3.Bb5+ Nd7 4.Ba4 Nf6 5.O-O g6 6.Re1 Bg7 7.c3 O-O 8.d4 e5
9.dxe5 Nxe5 10.Nxe5 dxe5 11.Qe2 a6 12.c4 Nh5 13.g3 f5 14.Rd1 Qf6 15.exf5 Bxf5
16.Nc3 Qe6 17.Bd7 Qf7 18.Bxf5 gxf5 19.Nd5 f4 20.Bd2 Kh8 21.Bc3 Rae8 22.Kh1 e4
23.Bxg7+ Kxg7 24.g4 f3 25.Qe3 Nf6 26.Qxc5 Nxg4 27.Rg1 Qh5 28.Rxg4+ Qxg4 29.Rg1 h5
30.Ne3 Qxg1+ 31.Kxg1 Kh6 32.Qd6+ Kg5 33.h4+  1-0

[Event "Titled Tuesday 30th June"]
[Site "chess.com INT"]
[Date "2020.06.30"]
[Round "10"]
[White "Niemann,Hans Moke"]
[Black "Nakamura,Hi"]
[Result "0-1"]
[WhiteElo "2465"]
[BlackElo "2736"]

1.d4 Nf6 2.c4 e6 3.Nf3 d5 4.g3 Be7 5.Bg2 O-O 6.O-O dxc4 7.Qc2 a6 8.a4 Bd7
9.Bg5 Bc6 10.Qxc4 a5 11.Rd1 Bd5 12.Qd3 Na6 13.Nc3 Bb3 14.Rd2 Nb4 15.Qb1 Nd7
16.Bf4 Nd5 17.Ne5 N7b6 18.Nxd5 exd5 19.e4 c6 20.h4 Bxa4 21.exd5 cxd5 22.Bf1 f6
23.Ng4 Bd7 24.Ne3 g6 25.Bh6 Rf7 26.Bd3 Kh8 27.Bf4 Bc6 28.Re2 Bd6 29.Ng2 Bf8
30.h5 g5 31.Bd2 Nc4 32.Bc3 Rc8 33.b3 Nd6 34.Bxa5 Qd7 35.Ne3 Ne4 36.Be1 Re8
37.f3 Nd6 38.Bf2 f5 39.Ng2 f4 40.g4 Rfe7 41.Qc2 Bb5 42.Rae1 Bxd3 43.Qxd3 Qb5
44.Qxb5 Nxb5 45.Rxe7 Rxe7 46.Rxe7 Bxe7 47.Ne1 Na3 48.Nd3 Nc2 49.Ne5 Na1 50.Nd7 Nxb3
51.Nb6 Kg7 52.Nxd5 Bf6 53.Kf1 Bxd4 54.Be1 Kf7 55.Ke2 Ke6 56.Nc7+ Kd6 57.Nb5+ Kc6
58.Na3 Kd5 59.Nb5 Kc6 60.Na3 Bc5 61.Nc4 Kd5 62.Kd3 Nc1+ 63.Kc3 Ne2+ 64.Kd3 Nc1+
65.Kc3 Bd4+ 66.Kc2 Kxc4 67.Kxc1 Kd3 68.Kd1 Ke3 69.Kc2 Kxf3 70.Kd3 Bf2 71.Bxf2 Kxf2
72.Ke4 Kg3 73.Kf5 Kh4 74.h6 f3  0-1

[Event "Titled Tue 7th July Final"]
[Site "chess.com INT"]
[Date "2020.07.07"]
[Round "1.1"]
[White "Nakamura,Hi"]
[Black "Aravindh,Chithambaram VR."]
[Result "1-0"]
[WhiteElo "2736"]
[BlackElo "2641"]

1.Nf3 Nf6 2.b3 g5 3.Nxg5 e5 4.d3 d5 5.Nf3 Nc6 6.c3 Rg8 7.g3 e4 8.dxe4 Nxe4
9.Nfd2 Qf6 10.Nxe4 dxe4 11.Be3 Bh6 12.Qc1 Bxe3 13.Qxe3 Bf5 14.Bg2 O-O-O 15.O-O Qd6
16.a4 Ne5 17.Qxa7 Ng4 18.Na3 e3 19.Qxb7+ Kd7 20.Nb5 exf2+ 21.Rxf2 Qc5 22.Qc6+ Qxc6
23.Bxc6+ Ke6 24.Nd4+ Rxd4 25.cxd4 Nxf2 26.Kxf2 Kd6 27.Bf3 Rb8 28.a5 c6 29.a6 Bd7
30.a7 Ra8 31.b4 Kc7 32.b5  1-0

[Event "Titled Tue 7th July Final"]
[Site "chess.com INT"]
[Date "2020.07.07"]
[Round "2.2"]
[White "Nakamura,Hi"]
[Black "Sadhwani,Raunak"]
[Result "1-0"]
[WhiteElo "2736"]
[BlackElo "2545"]

1.Nf3 Nf6 2.b3 g6 3.Bb2 Bg7 4.d4 O-O 5.e3 c5 6.dxc5 Qa5+ 7.c3 Qxc5 8.Ba3 Qc7
9.Bxe7 Re8 10.Bxf6 Bxf6 11.Qd2 Nc6 12.Be2 d5 13.O-O Bf5 14.Na3 a6 15.Nd4 Bd7
16.Nac2 Rac8 17.Rac1 Qa5 18.Rfd1 Rc7 19.Nb4 Rec8 20.Ndxc6 Bxc6 21.Bf3 Bxc3
22.Qxc3 Bd7 23.Qa1 Rxc1 24.Rxc1 Rxc1+ 25.Qxc1 Qxb4 26.Bxd5 Qa5 27.Bxb7 Qxa2
28.Bd5 Qa5 29.Bc4 Bb5 30.g3 Qb4 31.Bxb5 Qxb5 32.Qc3 a5 33.Qd4 Qxb3 34.Qd8+ Kg7
35.Qxa5 Qb1+ 36.Kg2 Qb7+ 37.Kh3 Qf3 38.Qe5+ Kg8 39.Qb8+ Kg7 40.Qe5+ Kg8 41.Qf4 Qe2
42.Kg2 h5 43.Qb8+ Kg7 44.Qe5+ Kg8 45.h3 Qd3 46.Qe8+ Kg7 47.Qe5+ Kg8 48.Qd4 Qb5
49.e4 Qb7 50.Qd8+ Kg7 51.Qd4+ Kg8 52.Qd5 Qb2 53.e5 Qe2 54.Qd8+ Kg7 55.Qf6+ Kg8
56.Qf4 Kg7 57.Qe3 Qc4 58.Kh2 Qd5 59.Qf4 Qe6 60.g4 hxg4 61.hxg4 Qe7 62.Kg3 Qe6
63.Kh4 Qe7+ 64.Qg5 Qe6 65.f4 Qa2 66.Qf6+ Kg8 67.Kg5 Qb3 68.e6 fxe6 69.Kxg6 Qd3+
70.f5  1-0

[Event "Titled Tue 7th July Final"]
[Site "chess.com INT"]
[Date "2020.07.07"]
[Round "2.1"]
[White "Sadhwani,Raunak"]
[Black "Nakamura,Hi"]
[Result "0-1"]
[WhiteElo "2545"]
[BlackElo "2736"]

1.e4 g6 2.d4 Bg7 3.Nf3 d6 4.Bc4 a6 5.O-O b5 6.Bb3 Bb7 7.Qe2 e6 8.c4 bxc4
9.Bxc4 Nd7 10.Nc3 Ne7 11.h4 h6 12.Bf4 O-O 13.Rad1 Nf6 14.Bb3 Kh8 15.e5 Nfd5
16.Nxd5 Nxd5 17.Bc1 a5 18.Rfe1 a4 19.Bc2 a3 20.Bb1 axb2 21.Bxb2 Rb8 22.h5 Nf4
23.Qe3 Nxg2 24.Kxg2 Qh4 25.d5 Qg4+ 26.Kf1 Ba6+ 27.Bd3 Bxd3+ 28.Rxd3 Rxb2
29.exd6 Qh3+ 30.Kg1 Rb4 31.Nh2 Qxe3 32.Rexe3 cxd6 33.dxe6 fxe6 34.hxg6 Bd4
35.Rxe6 Rb1+ 36.Kg2 Rxf2+ 37.Kh3 Be5 38.Nf3 Rh1+ 39.Kg4 Rg2+ 40.Kf5 Rh5+
41.Ke4 Re2+ 42.Re3 Rxa2 43.Nxe5 dxe5 44.Rb3 Ra4+ 45.Kd5 e4+ 46.Kd6 Ra6+ 47.Ke7 Rxe6+
48.Kxe6 Kg7 49.Re3 Kxg6 50.Rxe4 Ra5 51.Rg4+ Rg5 52.Ra4 Rg1 53.Ra8 Re1+ 54.Kd5 h5
55.Rg8+ Kf5 56.Kd4 h4 57.Rh8 Kg4 58.Rg8+ Kf3 59.Rf8+ Kg2 60.Rg8+ Kf2 61.Rh8 Ra1
62.Kd3 h3 63.Kd2 Ra3 64.Rf8+ Rf3 65.Rh8 Kf1  0-1

[Event "Titled Tue 7th July Final"]
[Site "chess.com INT"]
[Date "2020.07.07"]
[Round "3.2"]
[White "Tabatabaei,M"]
[Black "Nakamura,Hi"]
[Result "1-0"]
[WhiteElo "2629"]
[BlackElo "2736"]

1.e4 e5 2.Nf3 Nc6 3.Bc4 Bc5 4.c3 Nf6 5.d4 exd4 6.e5 d5 7.Bb5 Ne4 8.cxd4 Bb6
9.Nc3 O-O 10.Be3 f6 11.Qb3 Nxc3 12.Bxc6 bxc6 13.Qxc3 Bg4 14.exf6 Bxf3 15.fxg7 Rf6
16.gxf3 Rxf3 17.Qxc6 Rf6 18.Qc3 Qd7 19.Rg1 Re8 20.Rg3 Ree6 21.Qd3 Ba5+ 22.Kf1 Rg6
23.Rc1 c6 24.Bf4 Re4 25.Be5 Bc7 26.Bxc7 Qxc7 27.Rxg6 hxg6 28.Qg3 Qe7 29.Qxg6 Re6
30.Qg3 Qf6 31.Rc3 Qxd4 32.Qb8+ Kxg7 33.Rg3+ Rg6 34.Qc7+ Kh6 35.Rxg6+ Kxg6
36.Qxc6+ Kh7 37.Qc2+ Kg8 38.Qc3 Qe4 39.Qc8+ Kh7 40.Qb7+ Kg8 41.Qa8+ Kh7 42.Qxa7+ Kg8
43.Qb8+ Kh7 44.Qc7+ Kg8 45.Qg3+ Kh7 46.Qh3+  1-0

[Event "Titled Tue 7th July Final"]
[Site "chess.com INT"]
[Date "2020.07.07"]
[Round "3.3"]
[White "Tabatabaei,M"]
[Black "Nakamura,Hi"]
[Result "0-1"]
[WhiteElo "2629"]
[BlackElo "2736"]

1.e4 g6 2.Nf3 Bg7 3.d4 e6 4.Be2 Ne7 5.O-O d6 6.c3 Nd7 7.a4 O-O 8.a5 a6 9.Nbd2 e5
10.Nc4 exd4 11.cxd4 d5 12.exd5 Nxd5 13.Bg5 Bf6 14.Bh6 Bg7 15.Bg5 f6 16.Bd2 Re8
17.Ne3 Nxe3 18.Bxe3 Nf8 19.Bc4+ Be6 20.d5 Bf7 21.Qb3 Qd6 22.Rac1 f5 23.Rfd1 Reb8
24.Bf1 Nd7 25.Bc4 h6 26.Bd4 b5 27.axb6 Nxb6 28.Bxg7 Kxg7 29.Qc3+ Qf6 30.b3 Qxc3
31.Rxc3 Rd8 32.Rcd3 a5 33.Ne5 Kf6 34.Nc6 Rd6 35.Rd4 a4 36.bxa4 Rxc6 37.dxc6 Bxc4
38.h4 Rxa4 39.Rd8 Be6 40.Rf8+ Ke5 41.Rb8 Rc4 42.Re1+ Kf6 43.Re8 Bf7 44.Rh8 Rxc6
45.h5 Re6 46.Rxe6+ Kxe6 47.Rxh6 Kf6 48.hxg6 Bxg6 49.Rh8 c5 50.Rf8+ Ke5 51.Rb8 Nd5
52.Rc8 Kd4 53.Kf1 c4 54.Ke1 f4 55.Kd2 Bd3 56.Kc1 c3 57.Rd8 Bc4 58.g4 f3 59.g5 Bd3
60.Rg8 Nf4 61.Rd8+ Kc4 62.Rc8+ Kd5 63.Rd8+ Ke4 64.Re8+ Kf5 65.Rf8+ Kg4 66.Rc8 Ne2+
67.Kd1 c2+ 68.Rxc2 Nc1 69.Rxc1 Kxg5 70.Rc3 Be2+ 71.Kd2 Kf4 72.Ra3 Ke4 73.Ra4+ Ke5
74.Ra3 Bd3  0-1

[Event "Titled Tue 7th July Final"]
[Site "chess.com INT"]
[Date "2020.07.07"]
[Round "3.1"]
[White "Nakamura,Hi"]
[Black "Tabatabaei,M"]
[Result "1-0"]
[WhiteElo "2736"]
[BlackElo "2629"]

1.Nf3 d5 2.e3 Nf6 3.c4 e6 4.d4 b6 5.Bd3 Bb7 6.cxd5 exd5 7.Nbd2 Bd6 8.b3 Nbd7
9.Bb2 Qe7 10.O-O O-O 11.a4 a5 12.Qc1 Ne4 13.Ba3 Bxa3 14.Rxa3 Rac8 15.Ra2 Nxd2
16.Qxd2 Qd6 17.Bf5 g6 18.Bxd7 Qxd7 19.Rc1 Qd6 20.Rac2 f6 21.Ne1 Ba6 22.Rc6 Qd7
23.Nd3 Bb7 24.R6c3 c6 25.b4 axb4 26.Nxb4 c5 27.dxc5 bxc5 28.Rxc5 Rxc5 29.Rxc5 Qxa4
30.Rc1 Qd7 31.Qd4 Qd6 32.h4 Rc8 33.Rxc8+ Bxc8 34.Nxd5 Kg7 35.Qa7+ Qd7 36.Qc5 Bb7
37.Nf4 Qf7 38.Qd6 Ba8 39.Ne6+  1-0

[Event "Titled Tue 14th Jul Final"]
[Site "chess.com INT"]
[Date "2020.07.14"]
[Round "1.1"]
[White "Nakamura,Hi"]
[Black "Jobava,Ba"]
[Result "1-0"]
[WhiteElo "2736"]
[BlackElo "2603"]

1.Nf3 d5 2.e3 Nf6 3.c4 c6 4.d4 g6 5.b3 Bg7 6.Bb2 O-O 7.Bd3 Bg4 8.Nbd2 Nbd7
9.h3 Bxf3 10.Nxf3 e6 11.O-O Re8 12.Qc2 Rc8 13.Rac1 Qa5 14.Rfd1 Qd8 15.a3 Qa5
16.b4 Qd8 17.a4 a6 18.Qb1 Nb6 19.a5 Nxc4 20.Bxc4 dxc4 21.Rxc4 Nd5 22.Ne1 Nc7
23.Nd3 Nb5 24.Nc5 Rc7 25.Rc2 Qc8 26.Rcd2 Rd8 27.Rc2 Nd6 28.Rcd2 Nb5 29.Qc2 Nd6
30.Rd3 Nb5 31.Bc1 Nd6 32.e4 Nb5 33.Be3 h6 34.h4 Re7 35.Qc1 Kh7 36.h5 g5 37.e5 Nc7
38.f4 gxf4 39.Bxf4 Nd5 40.Rf3 Rg8 41.Ne4 Qd8 42.Bg3 Rd7 43.Rdf1 Rf8 44.Qe1 Ne7
45.Nd6 Kg8 46.Nxf7 Rxf7 47.Rxf7 Nf5 48.Rxd7 Qxd7 49.Bf2 Nxd4 50.Qd1 Bxe5
51.Qg4+ Qg7 52.Qxg7+ Kxg7 53.Rd1 Nc2 54.Rd7+ Kf6 55.Rxb7 Bc3 56.Rb6 Nxb4
57.Kf1 Kg5 58.Bc5 Nd3 59.Be3+ Kxh5 60.Rb3  1-0

[Event "Titled Tue 14th Jul Final"]
[Site "chess.com INT"]
[Date "2020.07.14"]
[Round "2.2"]
[White "Nakamura,Hi"]
[Black "Maghsoodloo,Parham"]
[Result "1-0"]
[WhiteElo "2736"]
[BlackElo "2676"]

1.d4 f5 2.Nc3 Nf6 3.Bg5 d5 4.e3 c6 5.Bxf6 exf6 6.Bd3 Be6 7.Qf3 g6 8.h4 h5
9.Nge2 Bd6 10.Nf4 Bf7 11.O-O-O Nd7 12.Kb1 Qe7 13.Nce2 O-O-O 14.Nc1 Kb8 15.g3 Nb6
16.Qe2 Bc7 17.c3 Nc4 18.Qc2 Nd6 19.Rde1 Rhe8 20.f3 Qd7 21.Nb3 b6 22.Nd2 Re7
23.g4 hxg4 24.fxg4 Ne4 25.gxf5 gxf5 26.h5 Rh8 27.Nxe4 fxe4 28.Be2 Bxf4 29.exf4 Be8
30.c4 Reh7 31.cxd5 cxd5 32.Rc1 Bxh5 33.Ba6 Bg6 34.Rxh7 Bxh7 35.Qh2 Qa4 36.Qxh7  1-0

[Event "Titled Tue 14th Jul Final"]
[Site "chess.com INT"]
[Date "2020.07.14"]
[Round "2.1"]
[White "Maghsoodloo,Parham"]
[Black "Nakamura,Hi"]
[Result "0-1"]
[WhiteElo "2676"]
[BlackElo "2736"]

1.e4 e5 2.Nf3 Nc6 3.Bb5 Nf6 4.O-O Nxe4 5.Re1 Nd6 6.Nxe5 Be7 7.Bf1 Nxe5 8.Rxe5 O-O
9.d4 Ne8 10.Nc3 Bf6 11.Re1 d5 12.Bf4 c6 13.Qd2 Nc7 14.Be5 Bxe5 15.Rxe5 f6
16.Ree1 Bf5 17.Ne2 Qd7 18.h4 Rae8 19.Ng3 Rxe1 20.Rxe1 Re8 21.c3 Rxe1 22.Qxe1 Bg6
23.h5 Qe8 24.Qd1 Bf7 25.Bd3 g6 26.Qf3 Qe7 27.Qf4 Kg7 28.Nf1 g5 29.Qf5 Bg8
30.Ne3 Qd8 31.Ng4 Ne8 32.h6+ Kf8 33.Qf3 Qe7 34.Kf1 Be6 35.Ne3 Kg8 36.Qg3 Qd6
37.Qf3 Qe7 38.g3 Nd6 39.a4 a5 40.Kg1 Nf7 41.Qh5 Nd6 42.b4 axb4 43.cxb4 Bf7
44.Qd1 Bg6 45.b5 Bxd3 46.Qxd3 cxb5 47.Nxd5 Qe1+ 48.Kg2 bxa4 49.Nxf6+ Kf7
50.Nxh7 Qe4+ 51.Qxe4 Nxe4 52.f3 a3 53.fxe4 a2 54.Nxg5+ Kg8 55.e5 a1=Q 56.e6 Qxd4
57.Kf3 Qf6+ 58.Kg4 Qxh6 59.e7 Qg6 60.Kh4 Qe8  0-1

[Event "Titled Tue 14th Jul Final"]
[Site "chess.com INT"]
[Date "2020.07.14"]
[Round "3.2"]
[White "Nakamura,Hi"]
[Black "Sjugirov,S"]
[Result "1-0"]
[WhiteElo "2736"]
[BlackElo "2675"]

1.d4 Nf6 2.c4 e6 3.Nc3 Bb4 4.Qc2 d5 5.a3 Bxc3+ 6.Qxc3 b6 7.Bg5 O-O 8.Nf3 Bb7
9.cxd5 Bxd5 10.Rc1 Nc6 11.Nd2 Ne7 12.Bxf6 gxf6 13.e4 Bb7 14.Be2 Rc8 15.O-O c5
16.dxc5 Rxc5 17.Qe3 Rxc1 18.Rxc1 Ng6 19.g3 Qd7 20.Rc3 Rd8 21.Rd3 Qc7 22.Rxd8+ Qxd8
23.Qc3 Kg7 24.f3 Qd6 25.Kf2 Ne5 26.Nc4 Nxc4 27.Qxc4 a5 28.Qc3 Bc6 29.b4 a4
30.Ke3 Be8 31.Bd3 h5 32.f4 h4 33.e5 fxe5 34.Qxe5+ Qxe5+ 35.fxe5 Kh6 36.Kf4 hxg3
37.Kxg3 f6 38.exf6 Kg5 39.Bb5 Bg6 40.Bxa4 Kxf6 41.Bd1 Ke5 42.a4 Kd4 43.a5 bxa5
44.bxa5 Kc5 45.Be2  1-0

[Event "Titled Tue 14th Jul Final"]
[Site "chess.com INT"]
[Date "2020.07.14"]
[Round "3.1"]
[White "Sjugirov,S"]
[Black "Nakamura,Hi"]
[Result "0-1"]
[WhiteElo "2675"]
[BlackElo "2736"]

1.d4 Nf6 2.c4 e6 3.Nf3 d5 4.Nc3 Be7 5.cxd5 exd5 6.Qc2 c6 7.h3 g6 8.Bh6 Bf5
9.Qc1 Ne4 10.g4 Be6 11.Bg2 Nd7 12.O-O f5 13.Nxe4 dxe4 14.Ng5 Bd5 15.f3 exf3
16.Bxf3 Nf6 17.Qf4 Bd6 18.Qe3+ Qe7 19.Qxe7+ Bxe7 20.gxf5 gxf5 21.Bxd5 Nxd5
22.Rxf5 Rg8 23.e4 Ne3 24.Re5 Nc4 25.Rf5 Nd6 26.Re5 Nf7  0-1

[Event "Titled Tue 21st Jul Final"]
[Site "chess.com INT"]
[Date "2020.07.21"]
[Round "1.1"]
[White "Nakamura,Hi"]
[Black "Artemiev,V"]
[Result "0-1"]
[WhiteElo "2736"]
[BlackElo "2716"]

1.Nf3 d5 2.e3 Nf6 3.c4 c6 4.d4 Bf5 5.Nc3 e6 6.Qb3 Qb6 7.c5 Qc7 8.Bd2 h6 9.Rc1 Nbd7
10.Be2 Be7 11.O-O O-O 12.Rfd1 e5 13.Nxe5 Nxe5 14.dxe5 Nd7 15.Na4 Nxe5 16.Bc3 Bf6
17.h3 Rfe8 18.Bd4 Qe7 19.Nc3 Rab8 20.Qa4 a6 21.b4 Ng6 22.Bxf6 Qxf6 23.Rd4 Re5
24.Bf1 Nh4 25.Rf4 g5 26.Rd4 Bxh3 27.Qd1 Be6 28.Ne2 Nf5 29.Rd2 h5 30.Nd4 Nxd4
31.exd4 Re4 32.Qxh5 Rh4 33.Qe2 Qh6 34.f3 Rh1+ 35.Kf2 Qh2 36.Qe5 Qxe5 37.dxe5 Kg7
38.a4 Rbh8 39.b5 axb5 40.axb5 R8h4 41.bxc6 bxc6 42.Rb1 Rc4 43.Bxc4 Rxb1 44.Bd3 Rb3
45.Ke3 Bf5 46.Kd4 Bxd3 47.Rxd3 Rxd3+ 48.Kxd3 Kg6 49.g4 f6 50.e6 Kg7 51.Ke3 Kf8
52.f4 gxf4+ 53.Kxf4 Ke8 54.g5 Ke7 55.g6 Kxe6 56.Kg4 Ke7 57.Kf5 Kf8 58.Kf4 Kg7
59.Kf5 d4 60.Ke4 Kxg6 61.Kxd4 Kf5 62.Kc4 Ke5 63.Kb4 Kd5  0-1

[Event "Titled Tue 4th Aug 10am"]
[Site "chess.com INT"]
[Date "2020.08.04"]
[Round "1"]
[White "Rodriguez,Sa"]
[Black "Nakamura,Hi"]
[Result "0-1"]
[WhiteElo "2252"]
[BlackElo "2736"]

1.d4 Nf6 2.Bg5 c5 3.Bxf6 gxf6 4.d5 Qb6 5.Qc1 f5 6.c4 Bg7 7.Nc3 e6 8.e3 d6
9.Qc2 Nd7 10.Nf3 Nf6 11.Bd3 Bd7 12.O-O O-O 13.e4 fxe4 14.Nxe4 Nxe4 15.Bxe4 f5
16.Bd3 e5 17.Ng5 e4 18.Be2 Rae8 19.Bh5 Re7 20.Rfd1 Qxb2 21.Qxb2 Bxb2 22.Rab1 Bf6
23.Ne6 Bxe6 24.dxe6 Bd4 25.Bf7+ Kg7 26.Kf1 b6 27.Ke2 Kf6 28.f3 e3 29.a4 Rd8
30.Rd3 d5 31.cxd5 Rxd5 32.a5 c4 33.Ra3 b5 34.a6 Bb6 35.Ra2 c3 36.Rc2 Rc7  0-1

[Event "Titled Tue 4th Aug 10am"]
[Site "chess.com INT"]
[Date "2020.08.04"]
[Round "2"]
[White "Nakamura,Hi"]
[Black "Ovetchkin,R"]
[Result "1-0"]
[WhiteElo "2736"]
[BlackElo "2518"]

1.Nf3 Nf6 2.b3 g6 3.Bb2 Bg7 4.d4 O-O 5.e3 c5 6.dxc5 Qa5+ 7.c3 Qxc5 8.Ba3 Qb6
9.Bxe7 Re8 10.Bxf6 Bxf6 11.Be2 d5 12.O-O Be6 13.Nd4 Nc6 14.Nd2 Rac8 15.Nxe6 fxe6
16.Rc1 Qa5 17.c4 Qxa2 18.cxd5 exd5 19.Nf3 Nb4 20.Bb5 Red8 21.Nd4 Rxc1 22.Qxc1 Bxd4
23.exd4 Qa5 24.Qg5 Rf8 25.Bd7 Qb6 26.Qe7 Rf6 27.Rc1  1-0

[Event "Titled Tue 4th Aug 10am"]
[Site "chess.com INT"]
[Date "2020.08.04"]
[Round "3"]
[White "Molina,Rob"]
[Black "Nakamura,Hi"]
[Result "0-1"]
[WhiteElo "2434"]
[BlackElo "2736"]

1.d4 g6 2.e4 Bg7 3.Nc3 a6 4.Be3 b5 5.f3 Bb7 6.Qd2 d6 7.h4 h5 8.Nh3 e6 9.Ng5 Nd7
10.a4 b4 11.Nd1 c5 12.c3 bxc3 13.bxc3 Ngf6 14.Bd3 O-O 15.Nf2 Qa5 16.O-O cxd4
17.cxd4 Qxd2 18.Bxd2 Nh7 19.Nxh7 Kxh7 20.Be3 a5 21.Bb5 Nb6 22.Rac1 d5 23.Rc7 Ba6
24.Bxa6 Rxa6 25.Rc6 Rfa8 26.e5 Nxa4 27.Rc7 R6a7 28.Rfc1 Nb6 29.Rxa7 Rxa7
30.Nd3 a4 31.Ra1 Nc4 32.Kf2 a3 33.Ra2 Bf8 34.Bc1 Rb7 35.Ke2 Be7 36.g3 Rb3
37.Ne1 Rb2+ 38.Bxb2 axb2  0-1